El cierre de un ciclo y la compleja relación "movimientos sociales" -gobierno en Bolivia /

Guardat en:
Dades bibliogràfiques
Autor principal: Viaña, Jorge
Altres autors: Orozco, Shirley
Format: Text
Matèries:
Etiquetes: Afegir etiqueta
Sense etiquetes, Sigues el primer a etiquetar aquest registre!

MARC

LEADER 00000 a a2200000 04500
001 11060
003
040
100 |a Viaña, Jorge  
245 |a El cierre de un ciclo y la compleja relación "movimientos sociales" -gobierno en Bolivia /  |c Jorge Viaña  
650 |a MOVIMIENTOS SOCIALES  
650 |a POBLACION INDIGENA  
650 |a POLITICA  
650 |a GOBIERNO  
650 |a BOLIVIA  
700 |a Orozco, Shirley  
773 |g volumen 8, número 22; páginas 119-129  
999 |c 20786  |d 20786